Responses for show #3540 - Friday, January 14, 2000

Contestants

[<< previous game]

Dawn Alexander, a software support analyst from Falls Church, Virginia

Lewis Targownik, a resident physician from Winnipeg, Manitoba (whose 1-day cash winnings total $13,600)

Frank Butterworth, a business development manager from Hingham, Massachusetts (whose 2-day cash winnings total $19,000)

[next game >>]

Jeopardy! Round responses

SHAKESPEAREAN ACTORS
'80s ROCK
CELEBRATE THE CENTURY WITH STAMPS
SAY IT IN ENGLISH
COLORADO
...OR BUST
    $100 26
Dennis Hopper

Dawn
    $100 1
Born in the U.S.A.

Lewis
    $100 9
Model T

Frank
    $100 3
Good night

Frank
    $100 19
Boulder

Lewis
    $100 16
A League of Their Own

Frank
    $200 27
Cleopatra

Lewis
    $200 2
Paul Simon

Dawn
    $200 10
the Panama Canal

Dawn
    $200 7
Thank you

Dawn
    $200 20
54

Dawn
    $200 17
Barbie

Dawn
    $300 28
Iago

Lewis
    $300 4
(L: Who is Pat Benatar?)

Janet Jackson

LewisDawn
    $300 13
the Chrysler Building

Lewis
    $300 8
Silence/be quiet

Lewis
    $300 21
Air Force Academy

Frank
    $300 18
Al Bundy

Dawn
    $400 29
"The Tempest"

Dawn
    $400 5
Sergio Mendes

Triple Stumper
    $400 14
Eleanor Roosevelt

Frank
    $400 11
Enter/come in

Frank
    $600 22
Golden

Frank
    $400 24
Philip Roth

Lewis
    $500 30
Achilles

Lewis
    $500 6
U2

Lewis
    $500 15
the GI Bill

Lewis
    $500 12
Good bye

Frank
    $500 23
(F: What are dimes?)
(D: What are nickels?)
(L: What are buffalo nickels?)

Silver dollars

FrankLewisDawn
Triple Stumper
    $500 25
Sophie Rhys-Jones

Lewis

Scores at the first commercial break (after clue 15):

Frank Lewis Dawn
$1,500 $1,400 $900

Scores at the end of the Jeopardy! Round:

Frank Lewis Dawn
$2,000 $2,900 $1,600

Double Jeopardy! Round responses

U.S. HISTORY
TV TITLE PAIRS
HAVE AN AMSTERDAM GOOD TIME
COMPUSPEAK
JAKES ALIVE!
WHO'S IN CHARGE HERE?
    $200 5
San Francisco

Lewis
    $200 16
Will & Grace

Lewis
    $200 8
Red Light District

Lewis
    $200 1
Uploading

Frank
    $200 21
Jake LaMotta

Lewis
    $200 26
Theocracy

Dawn
    $400 6
(F: What is prohibition?)

Women's suffrage

FrankDawn
    $400 17
McMillan and Wife

Triple Stumper
    $400 12
Heineken

Lewis
    $400 2
Gig

Dawn
    $400 22
(Lewis: What is Jake and the Kid?)

Jake and the Fatman

FrankLewis
    $400 27
(Dawn: What is meritocracy?)

aristocracy

LewisDawn
    $1,100 9
Benjamin Franklin

Lewis
    $600 18
Kate & Allie

Lewis
    $600 13
Diamonds

Frank
    $600 3
Peripherals

Dawn
    $600 23
Jack Nicholson

Dawn
    $600 28
Autocracy

Frank
    $800 10
El Paso

Lewis
    $800 19
Sanford and Son

Lewis
    $800 14
Gouda cheese

Frank
    $800 4
MP3

Lewis
    $800 24
John Belushi

Lewis
    $800 29
Elderly

Frank
    $1000 11
Maine

Lewis
    $1000 20
Starsky and Hutch

Lewis
    $1000 15
Rijks

Lewis
    $1000 7
HTML (hypertext markup language)

Frank
    $1000 25
Jake Garn

Dawn
    $1000 30
Technocracy

Frank

Scores at the end of the Double Jeopardy! Round:

Frank Lewis Dawn
$7,000 $12,000 $4,400

[wagering suggestions for these scores]

Final Jeopardy! Round responses

HIGHWAYS & BYWAYS
DawnWhat is Hawaii?
$4,000
FrankWhat is California?
$6,900
LewisWhat is Arizona?
$2,001
Arizona (because of the Arizona battleship that was sunk at Pearl Harbor)

Final scores:

Frank Lewis Dawn
$100 $14,001 $400
3rd place: Epson Photo VC750Z Digital Camera & Printer 2-day champion: $27,601 2nd place: Trip to Loew's L'Enfant Plaza Hotel, Washington, D.C.

Game dynamics:

Coryat scores:

Frank Lewis Dawn
$6,800 $11,500 $4,400
16 R
(including 1 DD),
2 W
26 R
(including 1 DD),
3 W
15 R
(including 1 DD),
2 W

Combined Coryat: $22,700

The J! Archive is created by fans, for fans. The Jeopardy! game show and all elements thereof, including but not limited to copyright and trademark thereto, are the property of Jeopardy Productions, Inc. and are protected under law. This website is not affiliated with, sponsored by, or operated by Jeopardy Productions, Inc. Join the discussion at JBoard.tv.